| Tag |
First Indicator |
Second Indicator |
Subfields |
| LEADER |
00000cam a2200000 4500 |
| 001 |
in00000080457 |
| 005 |
20151008052923.0 |
| 008 |
731114s1965 ncu b s00010 eng |
| 010 |
|
|
|a 65013665
|
| 035 |
|
|
|a (OCoLC)00742496
|
| 035 |
|
|
|9 AAH5454AM
|
| 040 |
|
|
|a DLC
|c CSU
|d OCL
|d TXA
|d UtOrBLW
|
| 049 |
|
|
|a TXAM
|c [453001]
|
| 050 |
|
0 |
|a HG2563
|b .K6
|
| 082 |
0 |
|
|a 332.110973
|
| 092 |
|
|
|a 332.11
|b K71f
|
| 100 |
1 |
|
|a Knipe, James Launcelot,
|d 1904-
|
| 245 |
1 |
4 |
|a The Federal Reserve and the American dollar :
|b problems and policies, 1946-1964 /
|c [by] James L. Knipe.
|
| 264 |
|
1 |
|a Chapel Hill :
|b University of North Carolina Press,
|c [1965]
|
| 300 |
|
|
|a ix, 321 pages ;
|c 24 cm.
|
| 336 |
|
|
|a text
|b txt
|2 rdacontent
|
| 337 |
|
|
|a unmediated
|b n
|2 rdamedia
|
| 338 |
|
|
|a volume
|b nc
|2 rdacarrier
|
| 504 |
|
|
|a Bibliographical references included in "Notes" (pages [305]-312).
|
| 610 |
1 |
0 |
|a Board of Governors of the Federal Reserve System (U.S.)
|
| 650 |
|
0 |
|a Federal Reserve banks.
|
| 650 |
|
0 |
|a Currency question
|z United States.
|
| 999 |
|
|
|a MARS
|
| 999 |
f |
f |
|s b71a2655-4aa6-3995-a819-e6726fffa0c1
|i e5e0a2d8-f144-3638-93a2-3fba664b04bc
|t 0
|
| 952 |
f |
f |
|p ric
|a Texas A&M University
|b Rellis Campus
|c Joint Library Facility
|d Remote Storage
|t 0
|e HG2563 .K6
|h Library of Congress classification
|i unmediated -- volume
|m A14800729821
|
| 998 |
f |
f |
|a HG2563 .K6
|t 0
|l Remote Storage
|